[Event "ICS rated standard match"]
[Site "204.178.125.65"]
[Date "2000.02.26"]
[Round "?"]
[White "Hossa"]
[Black "manuelconj"]
[Result "1-0"]
[WhiteElo "2240"]
[BlackElo "1850"]
[PlyCount "89"]

1. d4 Nf6 2. c4 e6 3. Nc3 d5 4. Bg5 Be7 5. Nf3 h6 6. Bxf6 Bxf6 7. e4 dxe4 8.
Nxe4 O-O 9. Nxf6+ Qxf6 10. Qd2 c5 11. dxc5 Rd8 12. Bd3 e5 13. Qe3 Nc6 14. O-O-O
Nb4 15. Bb1 Bg4 16. Rxd8+ Rxd8 17. Nxe5 Bf5 18. g4 Bxb1 19. Kxb1 Qa6 20. Qb3
Nc6 21. Re1 Nxe5 22. Rxe5 Qg6+ 23. Ka1 Qxg4 24. Re1 Qd4 25. f3 Qd2 26. Rb1 Qxh2
27. Qxb7 Qb8 28. Qxb8 Rxb8 29. Rd1 Rc8 30. b4 h5 31. Rd7 h4 32. Rxa7 g5 33. Re7
Kg7 34. Kb2 h3 35. Re1 h2 36. Rh1 Rh8 37. a4 f5 38. c6 g4 39. fxg4 fxg4 40. c7
g3 41. Rd1 h1=Q 42. Rxh1 Rxh1 43. c8=Q g2 44. Qg4+ Kf7 45. Qxg2 1-0

[Event "ICS rated standard match"]
[Site "204.178.125.65"]
[Date "2000.02.26"]
[Round "?"]
[White "Hossa"]
[Black "prg3"]
[Result "1/2-1/2"]
[WhiteElo "2243"]
[BlackElo "2143"]
[PlyCount "115"]

1. d4 d5 2. c4 c6 3. Nf3 Nf6 4. cxd5 cxd5 5. Nc3 Nc6 6. Bf4 e6 7. e3 Bd6 8.
Bxd6 Qxd6 9. Bb5 Bd7 10. O-O O-O 11. Bxc6 Bxc6 12. Qc2 Rfc8 13. Rfc1 Bd7 14.
Ne5 Qb6 15. Qe2 Be8 16. Rc2 Rc7 17. Rac1 Rac8 18. g3 h6 19. Qf3 Ne4 20. Qd1
Nxc3 21. Rxc3 Rxc3 22. bxc3 Qa6 23. Qd2 Bb5 24. f3 f6 25. Ng6 Kf7 26. Nf4 g5
27. Ng2 Rc4 28. Qc2 Kg7 29. e4 Ra4 30. exd5 Rxa2 31. Qb1 exd5 32. Ne3 Bc6 33.
Nf5+ Kh8 34. Qb4 Qa3 35. Qxa3 Rxa3 36. Nxh6 a5 37. h4 gxh4 38. gxh4 a4 39. Kg2
Rb3 40. Nf5 a3 41. h5 a2 42. Ra1 Rb2+ 43. Kg3 Ba4 44. Kg4 Bb3 45. Re1 Rb1 46.
Re8+ Kh7 47. Re7+ Kg8 48. Re8+ Kf7 49. Nd6+ Kg7 50. Re7+ Kf8 51. Re8+ Kg7 52.
Re7+ Kg8 53. Re8+ Kg7 54. Re7+ Kf8 55. Re8+ Kg7 56. Re7+ Kf8 57. Re8+ Kg7 58.
Re7+ 1/2-1/2

[Event "ICS rated standard match"]
[Site "204.178.125.65"]
[Date "2000.02.26"]
[Round "?"]
[White "prg3"]
[Black "Hossa"]
[Result "1-0"]
[WhiteElo "2147"]
[BlackElo "2239"]
[PlyCount "91"]

1. d4 Nf6 2. c4 c5 3. d5 e6 4. Nc3 exd5 5. cxd5 d6 6. e4 g6 7. f4 Bg7 8. Bb5+
Nfd7 9. a4 O-O 10. Nf3 a6 11. Bd3 Nf6 12. O-O Bg4 13. Re1 Nfd7 14. h3 Bxf3 15.
Qxf3 Re8 16. Kh1 f5 17. Bd2 fxe4 18. Nxe4 Nb6 19. Ng5 Bxb2 20. Ne6 Qd7 21. Rab1
Nxa4 22. f5 c4 23. Bxc4 b5 24. Bd3 g5 25. Bxg5 Bc3 26. Qg4 h5 27. Qxh5 Qf7 28.
Qg4 Kh8 29. Rec1 Be5 30. Rc7 Nd7 31. Qh4+ Kg8 32. Re1 Nab6 33. Rxe5 dxe5 34.
Be4 Rec8 35. Qg4 Kh8 36. Bh6 Rg8 37. Qh4 Qh7 38. f6 Rg6 39. Bxg6 Qxg6 40. Bg7+
Kg8 41. Ng5 Qxg5 42. Qxg5 Kf7 43. Qh5+ Kg8 44. Qg6 Nxf6 45. Bxf6+ Kf8 46. Qf7#
1-0

[Event "ICS rated blitz match"]
[Site "204.178.125.65"]
[Date "2000.02.26"]
[Round "?"]
[White "Malignus"]
[Black "Hossa"]
[Result "0-1"]
[WhiteElo "2325"]
[BlackElo "2448"]
[PlyCount "63"]

1. Nf3 d5 2. d4 e6 3. c4 dxc4 4. e4 b5 5. a4 Bb4+ 6. Nc3 c6 7. axb5 cxb5 8. Bd2
Bd7 9. b3 Qc7 10. bxc4 bxc4 11. e5 Ne7 12. Be2 O-O 13. O-O Rd8 14. Ne4 Bxd2 15.
Qxd2 Bc6 16. Nd6 Bd5 17. Rfc1 Nbc6 18. Bxc4 Bxf3 19. gxf3 Rxd6 20. exd6 Qxd6
21. Rd1 Rd8 22. d5 exd5 23. Bf1 d4 24. Bd3 Ne5 25. Qf4 Nd5 26. Qg3 Qc7 27. Bc4
Nxc4 28. Rxd4 Qxg3+ 29. fxg3 Ne5 30. Kf2 Nc6 31. Rda4 Ndb4 32. Re1 0-1

[Event "ICS rated blitz match"]
[Site "204.178.125.65"]
[Date "2000.02.26"]
[Round "?"]
[White "Hossa"]
[Black "konakvaiev"]
[Result "1-0"]
[WhiteElo "2459"]
[BlackElo "2131"]
[PlyCount "47"]

1. e4 c5 2. Nf3 e6 3. d4 cxd4 4. Nxd4 Nf6 5. Nc3 d6 6. Be3 a6 7. f3 b5 8. Qd2
Nbd7 9. O-O-O Nb6 10. Bg5 Bb7 11. Nb3 Rc8 12. Qd4 h6 13. Bxf6 gxf6 14. Rd2 h5
15. f4 Nc4 16. Bxc4 Rxc4 17. Qd3 Qc7 18. Re1 Ke7 19. Na5 Bh6 20. Nxc4 bxc4 21.
Qf3 d5 22. g3 dxe4 23. Nxe4 f5 24. Qa3+ 1-0

[Event "ICS rated blitz match"]
[Site "204.178.125.65"]
[Date "2000.02.26"]
[Round "?"]
[White "konakvaiev"]
[Black "Hossa"]
[Result "0-1"]
[WhiteElo "2127"]
[BlackElo "2463"]
[PlyCount "76"]

1. Nf3 d5 2. d4 e6 3. c4 dxc4 4. Qa4+ Nc6 5. g3 Nf6 6. Bg2 Nd5 7. Qxc4 Bd6 8.
O-O Bd7 9. e4 Nb6 10. Qe2 O-O 11. Nc3 e5 12. Be3 Bg4 13. d5 Nd4 14. Bxd4 exd4
15. Nb5 Be5 16. Rfd1 Re8 17. h3 Bxf3 18. Qxf3 d3 19. Rab1 Nc4 20. b3 Nb2 21.
Rd2 a6 22. Na3 Qg5 23. Qe3 Qxe3 24. fxe3 Bd6 25. Rdxb2 Bxa3 26. Rd2 f5 27. Rxd3
fxe4 28. Rc3 Bd6 29. g4 Re5 30. Rd1 Rae8 31. Rc4 a5 32. Rdd4 b5 33. Rc6 h5 34.
gxh5 Rxh5 35. Rc2 Rg5 36. Kh1 Rg3 37. Re2 Re5 38. Rxe4 Rxg2 0-1

[Event "ICS rated standard match"]
[Site "204.178.125.65"]
[Date "2000.02.26"]
[Round "?"]
[White "Hossa"]
[Black "robbok1"]
[Result "1-0"]
[WhiteElo "2219"]
[BlackElo "2382"]
[PlyCount "162"]

1. Nf3 c5 2. g3 d6 3. e4 Nc6 4. Nc3 e5 5. Bc4 h6 6. h3 Be6 7. Nd5 Nge7 8. d3 b5
9. Bxb5 Bxd5 10. exd5 Qa5+ 11. c3 Qxb5 12. dxc6 Qxc6 13. Be3 Rb8 14. b3 g5 15.
d4 Bg7 16. O-O e4 17. Nd2 Nd5 18. Rc1 O-O 19. Qe2 f5 20. dxc5 dxc5 21. Qc4 Rbc8
22. Nb1 Rfd8 23. Rcd1 Kh7 24. Bc1 a5 25. Rd2 e3 26. Re2 Nb6 27. Qf7 Rf8 28. Qh5
f4 29. gxf4 Rxf4 30. Rxe3 Nd5 31. Rg3 Nf6 32. Qe2 Re4 33. Qc2 Kg8 34. f4 Nh5
35. Rgf3 gxf4 36. Bxf4 Rce8 37. Bg3 Re2 38. Qf5 Nxg3 39. Rxg3 R8e7 40. Qf4 Kh7
41. Na3 Rxa2 42. Qf5+ Kh8 43. Nc4 Rae2 44. Qd3 a4 45. bxa4 Qxa4 46. Nd6 R2e6
47. Nf7+ Kg8 48. Qd5 Qd7 49. Nxh6+ Kh8 50. Qxd7 Rxd7 51. Nf5 Be5 52. Re3 Rd2
53. Rf2 Rd1+ 54. Kg2 Rc1 55. Nh4 Kg8 56. Rfe2 Rh6 57. Rxe5 Rxh4 58. Rxc5 Rh7
59. Rc8+ Kf7 60. Rc7+ Kg6 61. Rxh7 Kxh7 62. Re3 Kg6 63. Kf3 Kf5 64. Ke2 Kf4 65.
h4 Rh1 66. Re8 Rxh4 67. Kd3 Rh7 68. c4 Rc7 69. Kd4 Kf5 70. c5 Kf6 71. Kd5 Kf7
72. Re4 Rd7+ 73. Kc6 Rd8 74. Kc7 Rg8 75. c6 Rg2 76. Kd6 Rd2+ 77. Kc5 Rc2+ 78.
Rc4 Rh2 79. c7 Rh8 80. Kd6 Rc8 81. Kd7 Rh8 1-0

[Event "ICS rated standard match"]
[Site "204.178.125.65"]
[Date "2000.02.27"]
[Round "?"]
[White "Hossa"]
[Black "prg3"]
[Result "1/2-1/2"]
[WhiteElo "2255"]
[BlackElo "2162"]
[PlyCount "115"]

1. d4 d5 2. c4 c6 3. Nc3 Nf6 4. Nf3 dxc4 5. e4 b5 6. Ne5 Nfd7 7. Nf3 Bb7 8. Be2
e6 9. O-O Be7 10. Re1 O-O 11. Bf4 a6 12. Qd2 Nb6 13. Qe3 N8d7 14. Ne5 Nxe5 15.
Bxe5 Bd6 16. Qg3 Bxe5 17. Qxe5 Qb8 18. Qc5 Nd7 19. Qe7 Qd8 20. Qd6 Nf6 21. Qe5
Qb8 22. Red1 Nd7 23. Qg5 h6 24. Qe7 Qd8 25. Qd6 Nf6 26. Qe5 Qb8 27. Bf3 Rd8 28.
Qc5 Rd7 29. Qa3 Qf8 30. Qa5 Qd8 31. Qa3 Qe7 32. Qxe7 Rxe7 33. Rac1 Rd8 34. Ne2
Red7 35. Re1 g6 36. b3 cxb3 37. axb3 a5 38. Ra1 Ra8 39. Ra2 Bc8 40. Rea1 Rda7
41. Nc3 Bb7 42. h4 Kf8 43. Kh2 Ke7 44. Kg3 Kd7 45. e5 Nd5 46. Ne4 Nb4 47. Nc5+
Kc7 48. Rb2 Bc8 49. h5 g5 50. Be4 Bd7 51. Kf3 Be8 52. g4 Kd8 53. Rbb1 Ke7 54.
Ra3 Kd8 55. Rba1 Ke7 56. Rb1 Nd5 57. Bc2 Nb4 58. Be4 1/2-1/2

[Event "ICS rated standard match"]
[Site "204.178.125.65"]
[Date "2000.02.27"]
[Round "?"]
[White "prg3"]
[Black "Hossa"]
[Result "0-1"]
[WhiteElo "2166"]
[BlackElo "2251"]
[PlyCount "36"]

1. d4 Nf6 2. c4 e6 3. Nc3 Bb4 4. Qc2 d5 5. a3 Bxc3+ 6. Qxc3 Ne4 7. Qc2 c5 8.
dxc5 Nc6 9. cxd5 exd5 10. Nf3 Bf5 11. b4 Qf6 12. Bb2 d4 13. g4 Bg6 14. Qc4
O-O-O 15. h4 Ne5 16. Nxe5 Qxf2+ 17. Kd1 Qf4 18. Nf3 d3 0-1

[Event "ICS rated standard match"]
[Site "204.178.125.65"]
[Date "2000.02.27"]
[Round "?"]
[White "Hossa"]
[Black "prg3"]
[Result "0-1"]
[WhiteElo "2263"]
[BlackElo "2154"]
[PlyCount "126"]

1. d4 d5 2. c4 c6 3. Nf3 Nf6 4. Nc3 dxc4 5. a4 Bf5 6. e3 e6 7. Bxc4 Bb4 8. O-O
O-O 9. Qe2 Ne4 10. Nxe4 Bxe4 11. Rd1 Nd7 12. Bd2 Bxd2 13. Nxd2 Bd5 14. e4 Bxc4
15. Nxc4 Nb6 16. a5 Nxc4 17. Qxc4 Qd7 18. a6 b6 19. f4 Rac8 20. g3 Rfd8 21. Qc2
Qe7 22. Ra3 Qb4 23. Ra4 Qb5 24. b3 h6 25. Rd3 c5 26. d5 Rd6 27. f5 Rcd8 28.
fxe6 fxe6 29. Rf3 exd5 30. e5 Re6 31. Qf5 Qe8 32. Raf4 Rxe5 33. Qd3 Re1+ 34.
Kf2 Re5 35. Kg1 Qe6 36. Rf2 Re8 37. Qf3 Re1+ 38. Kg2 Re2 39. Qxe2 Qxe2 40. Rf8+
Kh7 41. Rxe2 Rxe2+ 42. Rf2 Rxf2+ 43. Kxf2 Kg6 44. Ke3 Kf5 45. h3 Ke5 46. g4 g5
47. b4 cxb4 48. Kd3 b5 49. Kc2 Kd4 50. Kb3 Kc5 51. Kb2 Kc4 52. Kc2 b3+ 53. Kd2
b4 54. Kd1 Kc3 55. Ke2 b2 56. h4 b1=Q 57. Kf2 Qd3 58. hxg5 hxg5 59. Kg2 Qe3 60.
Kh1 Qe2 61. Kg1 b3 62. Kh1 b2 63. Kg1 b1=R# 0-1

[Event "ICS rated blitz match"]
[Site "204.178.125.65"]
[Date "2000.02.27"]
[Round "?"]
[White "Maroczy"]
[Black "Hossa"]
[Result "0-1"]
[WhiteElo "2467"]
[BlackElo "2488"]
[PlyCount "84"]

1. e4 e5 2. Nf3 Nc6 3. Bb5 a6 4. Ba4 d6 5. O-O Nf6 6. Re1 Bg4 7. c3 b5 8. Bc2
Be7 9. d3 O-O 10. Nbd2 Re8 11. h3 Bh5 12. Nf1 Nd7 13. Ng3 Bg6 14. Be3 a5 15. d4
exd4 16. cxd4 Nb4 17. Bb1 d5 18. a3 dxe4 19. Bxe4 Bxe4 20. Nxe4 Nd5 21. Nc3
Nxc3 22. bxc3 b4 23. axb4 axb4 24. c4 Ra3 25. Rb1 Nb8 26. Bd2 Na6 27. Re4 Ra2
28. Qe1 c5 29. d5 Nc7 30. Bf4 Bd6 31. Ne5 Qh4 32. Bg3 Qh5 33. Qe3 Qf5 34. Re1
f6 35. Nc6 Rxe4 36. Qxe4 Qxe4 37. Rxe4 Bxg3 38. fxg3 b3 39. d6 b2 40. Re1 Ne6
41. Rxe6 b1=Q+ 42. Kh2 Qf1 0-1

[Event "ICS Rated blitz match"]
[Site "204.178.125.65"]
[Date "2000.02.27"]
[Round "?"]
[White "Hossa"]
[Black "Maroczy"]
[Result "1/2-1/2"]
[WhiteElo "2503"]
[BlackElo "2452"]
[PlyCount "97"]

1. e4 c5 2. c3 d5 3. exd5 Qxd5 4. d4 e6 5. Nf3 Nf6 6. Be2 Be7 7. O-O O-O 8. Ne5
Qd8 9. Re1 Nbd7 10. Bg5 Nxe5 11. dxe5 Nd5 12. Bxe7 Qxe7 13. Nd2 Bd7 14. Bf3 Bc6
15. Ne4 Rad8 16. Qd2 h6 17. Red1 b6 18. b3 Rd7 19. Qe1 Rfd8 20. Nd6 Rxd6 21.
exd6 Rxd6 22. c4 Nb4 23. Rxd6 Qxd6 24. Rd1 Qc7 25. Qd2 Bxf3 26. gxf3 Qe5 27.
Qd8+ Kh7 28. a3 Nc6 29. Qd7 Nd4 30. Qb7 f5 31. Kg2 Qe2 32. Rg1 a5 33. a4 e5 34.
h3 e4 35. fxe4 fxe4 36. Kh1 Qf3+ 37. Kh2 Qxf2+ 38. Kh1 Qf3+ 39. Kh2 Qf4+ 40.
Kh1 Nf5 41. Rg2 e3 42. Qc6 Ng3+ 43. Rxg3 Qxg3 44. Qe4+ Kh8 45. Qe8+ Kh7 46.
Qe4+ Kh8 47. Qe8+ Kh7 48. Qe4+ Kh8 49. Qe8+ 1/2-1/2

[Event "ICS rated standard match"]
[Site "204.178.125.65"]
[Date "2000.02.27"]
[Round "?"]
[White "Hossa"]
[Black "prg3"]
[Result "1-0"]
[WhiteElo "2242"]
[BlackElo "2197"]
[PlyCount "73"]

1. e4 e5 2. Nf3 Nc6 3. Bb5 a6 4. Ba4 Nf6 5. O-O Be7 6. Re1 b5 7. Bb3 d6 8. c3
O-O 9. h3 Bb7 10. d4 Re8 11. Nbd2 Bf8 12. a4 h6 13. Bc2 exd4 14. cxd4 Nb4 15.
Bb1 c5 16. d5 Nd7 17. Ra3 g6 18. Ra1 Bg7 19. Re2 c4 20. axb5 axb5 21. Rxa8 Qxa8
22. Re3 Nc5 23. Ne1 Qd8 24. Ndf3 h5 25. Re2 Bf6 26. Bh6 Qe7 27. Re3 Kh7 28. Qd2
Nbd3 29. Nxd3 Nxd3 30. Bxd3 Kxh6 31. Bf1 Kg7 32. Qb4 Qd7 33. b3 c3 34. Bxb5 c2
35. Bxd7 c1=Q+ 36. Re1 Qc3 37. Qxb7 1-0

[Event "ICS rated standard match"]
[Site "204.178.125.65"]
[Date "2000.02.27"]
[Round "?"]
[White "prg3"]
[Black "Hossa"]
[Result "1/2-1/2"]
[WhiteElo "2183"]
[BlackElo "2256"]
[PlyCount "86"]

1. d4 Nf6 2. c4 e6 3. Nc3 Bb4 4. Qc2 d5 5. cxd5 exd5 6. Bg5 h6 7. Bxf6 Qxf6 8.
e3 Nc6 9. a3 Bxc3+ 10. Qxc3 O-O 11. Bd3 Re8 12. Ne2 Bg4 13. h3 Bxe2 14. Bxe2
Rab8 15. Rd1 Re7 16. O-O Qd6 17. Bf3 Rd8 18. Rc1 a6 19. Rc2 Ree8 20. Rfc1 Re7
21. b4 g6 22. Be2 Ra8 23. Bf1 Qf6 24. a4 Qd6 25. Rb1 Qe6 26. Be2 Ra7 27. Bf3
Rd7 28. Qb3 a5 29. b5 Nb4 30. Rc3 Ra8 31. Rbc1 Qd6 32. g3 Re8 33. Bg2 Ree7 34.
Rc5 b6 35. R5c3 Qf6 36. Rd1 Qf5 37. Qb1 Qg5 38. Qb2 h5 39. h4 Qg4 40. Re1 Qf5
41. Qb1 Qe6 42. Qb2 Qf5 43. Qb1 Qe6 1/2-1/2

[Event "ICS rated standard match"]
[Site "204.178.125.65"]
[Date "2000.02.27"]
[Round "?"]
[White "Hossa"]
[Black "prg3"]
[Result "1/2-1/2"]
[WhiteElo "2253"]
[BlackElo "2186"]
[PlyCount "137"]

1. c4 c6 2. Nc3 d5 3. Nf3 Nf6 4. cxd5 cxd5 5. d4 Nc6 6. e3 Bf5 7. Qb3 Bc8 8.
Bb5 e6 9. Bd2 Bd7 10. O-O Bd6 11. Ba4 Qb6 12. Qxb6 axb6 13. Bb5 Ke7 14. Rfc1
Rhc8 15. Ne1 Nb8 16. Bxd7 Kxd7 17. Nc2 Na6 18. Nb5 Be7 19. f3 Ne8 20. e4 Nd6
21. Nxd6 Kxd6 22. Kf2 Rc6 23. exd5 Kxd5 24. Ne3+ Kd6 25. Bc3 g6 26. Rc2 Rac8
27. Ng4 f6 28. Rac1 Kd7 29. Ne3 Nb4 30. Bxb4 Bxb4 31. Ke2 Rxc2+ 32. Rxc2 Rxc2+
33. Nxc2 Bd6 34. g3 h5 35. f4 h4 36. Kf3 hxg3 37. hxg3 Kc6 38. Ne3 f5 39. g4
Kb5 40. g5 Bf8 41. Ke2 Bd6 42. Ng2 Kc4 43. Ke3 Bf8 44. Nh4 Bg7 45. b3+ Kc3 46.
Nxg6 Bxd4+ 47. Ke2 Bg7 48. Ne7 Kb2 49. Kd3 Kxa2 50. Kc4 b5+ 51. Kxb5 Kxb3 52.
Kb6 Kc4 53. Kc7 b5 54. Kd7 b4 55. Nc6 b3 56. Na5+ Kd5 57. Nxb3 e5 58. fxe5 Bxe5
59. g6 f4 60. Ke7 f3 61. Nd2 f2 62. Kf7 Bc3 63. Nf1 Ke4 64. g7 Bxg7 65. Kxg7
Kf3 66. Kf6 Ke2 67. Ng3+ Ke1 68. Ke5 f1=Q 69. Nxf1 1/2-1/2

[Event "ICS rated blitz match"]
[Site "204.178.125.65"]
[Date "2000.02.27"]
[Round "?"]
[White "Hossa"]
[Black "lambChop"]
[Result "0-1"]
[WhiteElo "2501"]
[BlackElo "2512"]
[PlyCount "156"]

1. e4 e5 2. Nf3 Nc6 3. Bc4 Bc5 4. c3 Qe7 5. d4 exd4 6. O-O dxc3 7. Nxc3 d6 8.
Nd5 Qd8 9. Re1 Nge7 10. Bg5 h6 11. Bh4 Be6 12. Qb3 g5 13. Bg3 O-O 14. Nxe7+
Qxe7 15. Bxe6 fxe6 16. Qxb7 Nb4 17. e5 d5 18. Qb5 Nc2 19. Qe2 Nxa1 20. Rxa1
Rab8 21. Qc2 Rf5 22. Rc1 Bb6 23. Qc6 g4 24. Nh4 Rf7 25. b3 a5 26. Ng6 Qg5 27.
Nh4 a4 28. Rd1 axb3 29. axb3 Re7 30. b4 Rf8 31. b5 Ba7 32. Ra1 Bd4 33. Rf1 Qh5
34. Qc2 Rg7 35. Qc6 Qf7 36. Qc2 Rg5 37. Re1 Rb8 38. Qc6 Kh8 39. Re2 Qe8 40.
Qxe8+ Rxe8 41. Kf1 Kh7 42. f4 Rf8 43. Rc2 Bb6 44. Ke2 Rh5 45. Rc6 Re8 46. Kd3
Kg7 47. Kc3 Re7 48. Kd3 Kg8 49. f5 Kf7 50. Kc3 Rg5 51. Kd3 Re8 52. Bf4 Rh5 53.
Bg3 d4 54. Ke4 Rg5 55. Bf2 Re7 56. fxe6+ Rxe6 57. Nf5 d3 58. Nxh6+ Rxh6 59.
Rxh6 d2 60. Kf4 Bxf2 61. Rf6+ Ke7 62. Kxg5 Be3+ 63. Kxg4 d1=Q+ 64. Rf3 Qd4+ 65.
Kf5 Qd3+ 66. Kg4 Qe4+ 67. Kg3 Qxe5+ 68. Kg4 Qg5+ 69. Kh3 Bg1 70. g3 Qh5+ 71.
Kg2 Qxh2+ 72. Kf1 Bb6 73. Ke1 Qh1+ 74. Rf1 Qg2 75. Kd1 Be3 76. Rf7+ Kxf7 77.
Ke1 Qf2+ 78. Kd1 Qd2# 0-1

[Event "ICS rated blitz match"]
[Site "204.178.125.65"]
[Date "2000.02.27"]
[Round "?"]
[White "lambChop"]
[Black "Hossa"]
[Result "1-0"]
[WhiteElo "2527"]
[BlackElo "2486"]
[PlyCount "101"]

1. Nf3 d5 2. d4 e6 3. c4 dxc4 4. Qa4+ Nc6 5. e3 Bd7 6. Qxc4 Nf6 7. Bd2 Bd6 8.
Bd3 Nd5 9. e4 Nb6 10. Qc3 f6 11. O-O e5 12. Be3 Na4 13. Qd2 Bb4 14. Nc3 exd4
15. Bxd4 Bg4 16. Bb5 Bxf3 17. Bxa4 Bxe4 18. Rfe1 f5 19. Bxc6+ bxc6 20. a3 Be7
21. Nxe4 fxe4 22. Qc3 O-O 23. Bxg7 Rf7 24. Be5 Qd3 25. Qxc6 Rd8 26. Rxe4 Qd1+
27. Re1 Qb3 28. Rac1 Bg5 29. Rc2 Rdd7 30. Bxc7 Rxc7 31. Qe8+ Rf8 32. Rxc7 Qxb2
33. Qe6+ Kh8 34. Rf7 Qb8 35. Qe5+ Qxe5 36. Rxf8+ Kg7 37. Rxe5 Kxf8 38. Rxg5 Kf7
39. Ra5 Kg6 40. Rxa7 h5 41. a4 h4 42. a5 Kf5 43. Rh7 Kg6 44. Rxh4 Kf5 45. a6
Ke5 46. a7 Kf6 47. a8=Q Ke7 48. Qc6 Kf8 49. Rh7 Kg8 50. Qg6+ Kf8 51. Qf7# 1-0

[Event "ICS rated blitz match"]
[Site "204.178.125.65"]
[Date "2000.02.27"]
[Round "?"]
[White "star"]
[Black "Hossa"]
[Result "1/2-1/2"]
[WhiteElo "2621"]
[BlackElo "2472"]
[PlyCount "248"]

1. Nf3 d5 2. d4 e6 3. c4 dxc4 4. e4 b5 5. a4 c6 6. axb5 cxb5 7. Nc3 Bb4 8. Bd2
Bd7 9. b3 Qc8 10. bxc4 bxc4 11. Qb1 a5 12. Ne5 Nc6 13. Nxc4 Nxd4 14. Nb6 Qc6
15. Nxa8 Bxc3 16. Ra2 Nf6 17. f3 O-O 18. Nb6 Rb8 19. Qd3 Bxd2+ 20. Rxd2 Nxf3+
21. gxf3 Qxb6 22. Be2 Qc5 23. Rf1 a4 24. Qd4 Qxd4 25. Rxd4 Rb2 26. Rd2 Rb4 27.
Kf2 e5 28. Ra1 g5 29. Rad1 Rb7 30. Rd6 Kg7 31. Ke3 Rb3+ 32. R1d3 g4 33. Rxb3
axb3 34. Bc4 gxf3 35. Kxf3 Bg4+ 36. Ke3 Bh5 37. Bxb3 Ng4+ 38. Kd2 Nxh2 39. Rb6
Nf3+ 40. Ke3 Nd4 41. Bd5 Bg6 42. Rb8 f5 43. exf5 Bxf5 44. Be4 Nc2+ 45. Bxc2
Bxc2 46. Re8 Kf6 47. Rf8+ Ke7 48. Rc8 Bg6 49. Rc6 Kf7 50. Rc5 Ke6 51. Rc1 h5
52. Rh1 Kf5 53. Rh2 Kg5 54. Rg2+ Kf6 55. Rf2+ Ke6 56. Rh2 Kd6 57. Rg2 Bf7 58.
Rg7 Bb3 59. Rg6+ Kd5 60. Rg2 Ba4 61. Rh2 Be8 62. Rh1 Ke6 63. Rg1 Kd6 64. Rg8
Bd7 65. Rh8 Bg4 66. Ke4 Ke6 67. Rh6+ Kf7 68. Kxe5 Kg7 69. Rf6 Bd7 70. Rd6 Bg4
71. Kf4 Bc8 72. Kg5 Kh7 73. Kxh5 Bf5 74. Kg5 Be4 75. Kf4 Bg2 76. Kg3 Bh1 77.
Kh2 Bf3 78. Kg3 Bh1 79. Rf6 Bd5 80. Kf4 Bc4 81. Rf5 Kh8 82. Rh5+ Kg8 83. Kg5
Bd3 84. Kf6 Be2 85. Rh6 Bd3 86. Ke7 Bc2 87. Rf6 Kh8 88. Rf8+ Kh7 89. Rf7+ Kh8
90. Rf6 Kh7 91. Kf8 Bb3 92. Ke7 Bc2 93. Rf2 Bd1 94. Rh2+ Kg8 95. Rg2+ Kh8 96.
Rd2 Bb3 97. Rd3 Bc2 98. Rd2 Bb3 99. Rh2+ Kg8 100. Kf6 Bd5 101. Rh6 Be4 102. Ke5
Bd3 103. Kd4 Bc2 104. Rh4 Bd1 105. Rf4 Be2 106. Ke5 Bd1 107. Kf6 Be2 108. Kg5
Bd1 109. Kh6 Be2 110. Rf6 Bd3 111. Rb6 Kf7 112. Kg5 Kg8 113. Rb7 Kh8 114. Kh6
Kg8 115. Rg7+ Kf8 116. Rg3 Be2 117. Re3 Bd1 118. Kg6 Bc2+ 119. Kh6 Bd1 120. Re1
Bc2 121. Re2 Bd1 122. Rf2+ Ke8 123. Rf6 Bb3 124. Rb6 Bc2 1/2-1/2

[Event "ICS rated blitz match"]
[Site "204.178.125.65"]
[Date "2000.02.27"]
[Round "?"]
[White "Hossa"]
[Black "star"]
[Result "0-1"]
[WhiteElo "2478"]
[BlackElo "2615"]
[PlyCount "78"]

1. d4 Nf6 2. c4 g6 3. Nc3 Bg7 4. Nf3 O-O 5. e4 d6 6. Bg5 h6 7. Bh4 g5 8. Bg3
Nh5 9. Be2 e6 10. Rc1 f5 11. Ng1 Nxg3 12. hxg3 fxe4 13. Nxe4 Nc6 14. d5 exd5
15. Qxd5+ Kh8 16. Nxg5 Qf6 17. N1f3 Qxb2 18. Rd1 Bd7 19. Nf7+ Rxf7 20. Qxf7 Re8
21. Ng1 Nd4 22. Kf1 Rxe2 23. Rh4 Be6 24. Qe8+ Kh7 25. Nh3 Bxh3 26. Qf7 Be6 27.
Qf4 Nf5 28. Rh5 Qc2 29. Rc1 Rxf2+ 30. Kg1 Rxg2+ 31. Kh1 Qe2 32. Rh3 Bd7 33. Rc2
Qd1+ 34. Kxg2 Bc6+ 35. Kf2 Qxc2+ 36. Kf1 Qg2+ 37. Ke1 Bc3+ 38. Kd1 Ba4+ 39. Kc1
Qc2# 0-1

[Event "ICS rated blitz match"]
[Site "204.178.125.65"]
[Date "2000.02.27"]
[Round "?"]
[White "star"]
[Black "Hossa"]
[Result "0-1"]
[WhiteElo "2625"]
[BlackElo "2468"]
[PlyCount "62"]

1. e4 c5 2. Nc3 Nc6 3. Nge2 e6 4. d4 cxd4 5. Nxd4 Bb4 6. Nxc6 Bxc3+ 7. bxc3
dxc6 8. Qxd8+ Kxd8 9. Bf4 Nf6 10. O-O-O+ Bd7 11. f3 Ke8 12. Bd6 Rd8 13. c4 Bc8
14. c5 h5 15. Be2 h4 16. c4 h3 17. g3 Rh5 18. g4 Rh8 19. e5 Ng8 20. Rd3 Ne7 21.
f4 Ng6 22. f5 exf5 23. Rf3 fxg4 24. Rd3 Nf4 25. Rd2 Nxe2+ 26. Rxe2 Rh5 27. Rd1
g3 28. hxg3 Bg4 29. Rdd2 Bxe2 30. Rxe2 h2 31. g4 h1=Q+ 0-1

[Event "ICS rated blitz match"]
[Site "204.178.125.65"]
[Date "2000.02.27"]
[Round "?"]
[White "Hossa"]
[Black "star"]
[Result "0-1"]
[WhiteElo "2491"]
[BlackElo "2602"]
[PlyCount "82"]

1. c4 g6 2. Nc3 Bg7 3. d4 Nf6 4. e4 d6 5. Nf3 O-O 6. Bg5 h6 7. Bh4 g5 8. Bg3
Nh5 9. Be2 e6 10. Rc1 f5 11. Ng1 Nxg3 12. hxg3 fxe4 13. Nxe4 Nc6 14. d5 exd5
15. Qxd5+ Kh8 16. Nxg5 Qf6 17. N1f3 Qxb2 18. Rd1 Bd7 19. Nf7+ Rxf7 20. Qxf7 Re8
21. Ng1 Nd4 22. Kf1 Rxe2 23. Rh4 Be6 24. Qe8+ Kh7 25. Nh3 Bxh3 26. Qf7 Be6 27.
Qf4 Nf5 28. Rh5 Qc2 29. Rc1 Rxf2+ 30. Kg1 Rxg2+ 31. Kh1 Qe2 32. Re1 Qxe1+ 33.
Kxg2 Qe2+ 34. Kh1 Qxh5+ 35. Kg2 Qe2+ 36. Kh1 Ne3 37. Qe4+ Bf5 38. Qxe3 Qxe3 39.
Kg2 Qe2+ 40. Kg1 Bd4+ 41. Kh1 Be4# 0-1

[Event "ICS rated blitz match"]
[Site "204.178.125.65"]
[Date "2000.02.27"]
[Round "?"]
[White "star"]
[Black "Hossa"]
[Result "1-0"]
[WhiteElo "2613"]
[BlackElo "2480"]
[PlyCount "99"]

1. Nf3 c5 2. g3 Nc6 3. e4 d6 4. d4 cxd4 5. Nxd4 Nxd4 6. Qxd4 Nf6 7. Nc3 a6 8.
Bg5 Qa5 9. Bxf6 gxf6 10. Be2 Bh3 11. O-O-O Rc8 12. Kb1 Bh6 13. f4 Qc7 14. Qd3
Qc5 15. g4 Bg2 16. Rhg1 Qf2 17. Qd4 Qxd4 18. Rxd4 Bh3 19. Rd3 Bxf4 20. Rxh3 e6
21. Rf1 Bg5 22. Na4 b5 23. Nc3 Rb8 24. a4 b4 25. Na2 a5 26. Rh5 e5 27. h4 Bf4
28. Nc1 Ke7 29. Nb3 Ra8 30. Nd4 Kd8 31. Bb5 h6 32. Nc6+ Kc7 33. Ne7 Rh7 34.
Nd5+ Kb7 35. Nxf4 exf4 36. Rxf4 Rg8 37. Bc4 Rhg7 38. Rxf6 Kb8 39. Rxa5 Rxg4 40.
Rxf7 Rg1+ 41. Ka2 Rd1 42. Raa7 b3+ 43. Kxb3 Rg3+ 44. c3 d5 45. Ba6 Rxc3+ 46.
Kxc3 Rc1+ 47. Kd2 Rd1+ 48. Kxd1 dxe4 49. Rab7+ Kc8 50. Rf8# 1-0